Domestic workers of the world unite! : (Record no. 151673)

MARC details
000 -LEADER
fixed length control field 00688nam a22001937a 4500
005 - DATE AND TIME OF LATEST TRANSACTION
control field 20180423125908.0
010 ## - LCCN (DPL NO)
LC control number ENG-122773
020 ## - INTERNATIONAL STANDARD BOOK NUMBER
International Standard Book Number 9789352805563
Terms of availability 895.00
035 ## - SYSTEM CONTROL NUMBER
System control number EN-106305
037 ## - SOURCE OF ACQUISITION
Source of stock number/acquisition DBAD/PUB
082 00 - DEWEY DECIMAL CLASSIFICATION NUMBER
Classification number 331.881164
100 ## - MAIN ENTRY--PERSONAL NAME
Personal name Fish, Jennifer N.
245 10 - TITLE STATEMENT
Title Domestic workers of the world unite! :
Statement of responsibility, etc by Jennifer N. Fish
Remainder of title a global movement for dignity and human rights /
260 ## - PUBLICATION, DISTRIBUTION, ETC. (IMPRINT)
Place of publication, distribution, etc New Delhi
Name of publisher, distributor, etc SAGE Publications,
Date of publication, distribution, etc 2018
270 ## - ADDRESS
Address B1/I-1 Mohan Cooperative Industrial Area, Mathura Road
City New Delhi
Postal code 110044
300 ## - PHYSICAL DESCRIPTION
Extent 290p.
Dimensions 23 cm.(Hb)
504 ## - BIBLIOGRAPHY, ETC. NOTE
Bibliography, etc It include note, references and index.
942 ## - ADDED ENTRY ELEMENTS (KOHA)
Source of classification or shelving scheme Dewey Decimal Classification
Item type English Books
Classification part 331.881164
Call number suffix FIS
Holdings
Withdrawn status Lost status Not for loan Collection code Home library Current library Date acquired Source of acquisition Cost, normal purchase price Full call number Barcode Copy number Cost, replacement price Koha item type
    Not For Loan Non-fiction D.B.Act.Division Sarojini Nagar 23/04/2018 DBAD/PUB 895.00 331.881164 FIS EN-106305 1 895.00 English Books

© Delhi Public Library
Hit Counter
free hit counter